Logo BPK

Biblioteka

Politechniki Koszalińskiej

Uczta ; Eutyfron ; Obrona Sokratesa ; Kriton ; Fedon / (Rekord nr 21201)

Szczegóły MARC
000 -ETYKIETA REKORDU
podpole kontrolne o stałej długości 00569nam a2200181 i 4500
001 - NUMER KONTROLNY REKORDU
pole kontrolne bg
040 ## - ŹRÓDŁO KATALOGOWANIA
Instytucja, która utworzyła rekord BPK
041 ## - KOD JĘZYKA
Kod języka tekstu pol
080 ## - UNIWERSALNA KLASYFIKACJA DZIESIĘTNA - UKD
UKD 1
008 - POLE O STAŁEJ DŁUGOŚCI - DANE KONTROLNE
podpole kontrolne o stałej długości s pl f |000 0 pol
100 1# - NAZWA OSOBOWA
Nazwa osobowa PLATO,
Daty związane z nazwą ((427-347 a.C.))
245 #0 - TYTUŁ/ODPOWIEDZIALNOŚĆ
Tytuł Uczta ; Eutyfron ; Obrona Sokratesa ; Kriton ; Fedon /
Pozostałe elementy strefy tytułu i oznaczenia odpowiedzialności Platon ; przeł. oraz wstępem, objaśnieniami i ilustracjami opatrzył Władysław Witwicki.
260 ## - STREFA ADRESU WYDAWNICZEGO
Miejsce wydania Warszawa :
Nazwa wydawcy/dystrybutora PWN,
Data publikacji, dystrybucji/powstania dokumentu 1982.
650 #9 - HASŁO PRZEDMIOTOWE W FORMIE NAZWY OGÓLNEJ LUB JEDNOSTKOWEJ
Nazwa ogólna lub geograficzna Filozofia
Określnik chronologiczny 5-4 w p.n.e.
700 1# - HASŁO DODATKOWE - NAZWA OSOBOWA
Nazwa osobowa Witwicki, Władysław
Daty związane z nazwą (1878-1948).
Określenie związku między hasłem a opisywanym materiałem Tł.
700 1# - HASŁO DODATKOWE - NAZWA OSOBOWA
Nazwa osobowa Platon,
856 ## - LOKALIZACJA I DOSTĘP DO ELEKTRONICZNYCH DOKUMENTÓW ZDALNYCH
Link (URL) http://koha.tu.koszalin.pl/cgi-bin/koha/opac-detail.pl?biblionumber=21201
Tekst linku Katalog online BPK
942 ## - DODATKOWE ELEMENTY (KOHA)
Typ dokumentu Książka
Egzemplarze
Wycofany Status egzemplarza Uszkodzony Dostępność Lokalizacja stała Lokalizacja bieżąca Miejsce przechowywania Sygnatura Kod kreskowy Typ dokumentu
      Dostępny Biblioteka Politechniki Koszalińskiej Biblioteka Politechniki Koszalińskiej Wypożyczalnia BG 29779 01044782 Książka
© 2023 Biblioteka Politechniki Koszalińskiej :: KOHA